| 000 | 01451nam a2200445 i 4500 | ||
|---|---|---|---|
| 001 | 9478 | ||
| 003 | KOSZ 005 | ||
| 005 | 20201209090123.0 | ||
| 008 | 040519s1976 pl a f |000 0 pol | ||
| 015 | _aUWD 1976/5546 | ||
| 035 | _a991023528559705066 | ||
| 035 | _a(PL-WaBN)b16447086-48omnis_nlop | ||
| 035 | _ab16447086 | ||
| 035 | _a(OCoLC)749430445 | ||
| 035 | _a(PL)b0000001644708 | ||
| 035 | _a(EXLNZ-48OMNIS_NETWORK)9910516720905606 | ||
| 040 |
_aWA N _cWA N _dWA N _dKOSZ 005/HR |
||
| 041 | 0 | _apol | |
| 046 | _k1976 | ||
| 080 | _a621.74 | ||
| 100 | 1 |
_aLonga, Władysław _d(1931- ) _eAutor |
|
| 245 | 1 | 0 |
_aNadlewy dla odlewów krzepnących w formach piaskowych i metalowych / _cWładysław Longa. |
| 260 |
_aKatowice : _b"Śląsk", _c1976. |
||
| 300 |
_a401, [2] s. : _bil., tab., wykr. ; _c17 cm. |
||
| 336 |
_aTekst _btxt _2rdacontent |
||
| 337 |
_aBez urządzenia pośredniczącego _bn _2rdamedia |
||
| 338 |
_aWolumin _bnc _2rdacarrier |
||
| 380 | _aKsiążki | ||
| 388 | _a1901-2000 | ||
| 388 | _a1945-1989 | ||
| 490 | 1 | _aBiblioteka Metalurga | |
| 504 | _aBibliogr. s. 398-[402]. | ||
| 650 | 7 |
_aOdlewnictwo _2DBN |
|
| 658 | _aInżynieria i technika | ||
| 710 | 2 |
_aWydawnictwo "Śląsk" _4pbl |
|
| 830 | 0 | _aBiblioteka Metalurga | |
| 856 |
_uhttp://koha.tu.koszalin.pl/cgi-bin/koha/opac-detail.pl?biblionumber=9478 _yKatalog online BPK |
||
| 942 |
_2UKD _cKS |
||
| 999 |
_c9478 _d9478 |
||